| 000 | 00408 a2200133 4500 | ||
|---|---|---|---|
| 005 | 20250613125402.0 | ||
| 020 | _a9780821354285 | ||
| 082 | _a332 WOR | ||
| 111 | _aThe World Bank | ||
| 245 | _aGlobal Development Finance: Striving for Stability in Development Finance | ||
| 260 |
_aWashington DC, _bThe World Bank, _c2003. |
||
| 300 |
_ax,237p.:ill.;Boxes,figures, tables _bBibliography _c28cm |
||
| 942 |
_2ddc _cBKS |
||
| 999 |
_c3685 _d3685 |
||